000 00503nam a22001217a 4500
999 _c21718
_d21718
008 240920b ||||| |||| 00| 0 eng d
100 _aBeltran, Myra C.
_eauthor.
_961251
245 _aAmado Castro :
_ba life of service for education and education as a family legacy /
_cMyra C. Beltran.
260 _aPhilippines;
_bPublishers Association of the Philippines, Inc.,
_cMarch 2018.
300 _aVolume 66, pages 363-367,
_billustration.
700 _aBeltran, Myra C.
_eauthor.
_961251
942 _2ddc
_cPER